000 00858cam a22002771 4500
001 3112
003 BD-RjUL
005 20211208233658.0
008 131218s1960 nyu b 001 0 eng d
035 _a(BD-RjUL)3146
035 _a(OCoLC)4941398
040 _aDLC
_cNNR
_dOCoLC
_dDLC
_dBD-RjUL
_beng
041 _aeng
082 _a336
_bCHF 1960
100 1 _aChelliah, Raja Jesudoss.
_99858
245 1 0 _aFiscal policy in underdeveloped countries:
_bwith special reference to India /
_cWith a foreword by P. S. Lokanathan.
260 _aNew York,
_bMacmillan,
_cc1960 [reprinted1962].
300 _a168 p.:
_c21 cm.
504 _aIncludes bibliography.
650 0 _aFinance, Public.
_99859
650 0 _aFinance, Public
_zIndia.
_99860
651 0 _aDeveloping countries.
_99861
942 _2ddc
_cBK
_01
999 _c3112
_d3112